000 00946cam a22002894a 4500
999 _c16756
_d16756
001 15688774
003 OSt
005 20180525091339.0
008 090406s2009 mauabf b 001 0 eng
010 _a 2009013122
020 _a9780123735768
020 _a0123735769
035 _a(OCoLC)ocn318100432
040 _aSEKU
050 0 0 _aQE 539.2
_b.M3
245 0 0 _aPaleoseismology /
_cedited by James P. McCalpin.
250 _a2nd ed.
260 _aBurlington, MA :
_bAcademic Press,
_c2009.
300 _a 613 p., [32] p. of plates :
_bill. (some col.), maps (some col.)
490 1 _aInternational geophysics series ;
_vv. 95
504 _aIncludes bibliographical references and index.
650 0 _aPaleoseismology.
700 1 _aMcCalpin, James.
830 0 _aInternational geophysics series ;
_vv. 95.
856 4 2 _3Publisher description
_uhttp://www.loc.gov/catdir/enhancements/fy1011/2009013122-d.html
942 _2lcc
_cGEN